000
00220nam a2200097Ia 4500
008
190216s9999||||xx |||||||||||||| ||und||
100
_a
Fowles G
245
0
_a
Lecture Experiments In Chemistry
260
_b
Null
942
_c
BK
999
_c
1932
_d
1932